00370 2200157 4500245004700000020002200047250001100069100001300080650001600093005001900109260003000128041001400158084000800172300002300180336000900203 aAGPH b : Agen Patah HaticYuukagemhText a978-602-407-199-8 aCet. 1 aYuukagem aNovel Fiksi a20230117085458 aYogyakartabLaksanac2017 aIndonesia a813 a196 hlm. :c19 cm. atext